Biblioteca

Cristología (Registro nro. 70953)

Detalles MARC
000 -LÍDER
Campo fijo de descripción fija 02450nam a2200349 i 4500
001 - NÚMERO DE CONTROL
Campo de control 768714001
003 - IDENTIFICADOR DEL NÚMERO DE CONTROL
Campo de control CO-MdFUSB
005 - FECHA Y HORA DE LA ULTIMA TRANSACCIÓN
control field 20260326154406.0
007 - CAMPO FIJO DE DESCRIPCIÓN FIJA--INFORMACIÓN GENERAL
Campo fijo de descripción fija ta
008 - ELEMENTOS DE LONGITUD FIJA -- INFORMACIÓN GENERAL
Campo fijo de descripción fija -- Información general 240918t1983 sp ||||| |||| 001 0 spa d
020 ## - NÚMERO INTERNACIONAL NORMALIZADO PARA LIBROS
Número Internacional Normalizado del libro 84-254 1344-3
040 ## - FUENTE DE CATALOGACIÓN
Idioma de catalogación spa.
Agencia de catalogación original CO-MdFUSB
Agencia que realiza la transcripción CO-MdFUSB
Agencia que realiza la modificación CO-MdFUSBC
Convenciones de la descripción rda
041 ## - CÓDIGO DE IDIOMA
Código de idioma para texto/pista de sonido o título separado spa
082 ## - NÚMERO DE CLASIFICACIÓN DECIMAL DEWEY
Número de la edición del Dewey 23
Número de clasificación 232
Clave de autor-Numero de item SCH332
100 ## - ASIENTO PRINCIPAL--NOMBRE PERSONAL
Nombre personal Schierse, Franz Joseph,
Término relacionador autor
240 ## - TITULO UNIFORME
Título uniforme <a href="Christologie">Christologie</a>
245 0# - TÍTULO
Título del Material Cristología
Mención de responsabilidad, etc. / Franz Joseph Schierse
264 #1 - PRODUCCIÓN, PUBLICACIÓN, DISTRIBUCIÓN, MANUFACTURA, Y COPYRIGHT
Lugar de producción, publicación, distribución, manufactura Barcelona, España :
Nombre del productor, publicador, distribuidor Herder,
Fecha de producción, publicación, distribución, manufactura, o copyright [1983]
264 #4 - PRODUCCIÓN, PUBLICACIÓN, DISTRIBUCIÓN, MANUFACTURA, Y COPYRIGHT
Fecha de producción, publicación, distribución, manufactura, o copyright ©1983
300 ## - DESCRIPCIÓN FÍSICA
Extensión 171 páginas
Dimensiones ; 20 cm
336 ## - TIPO DE CONTENIDO
Fuente rdacontent
Término de tipo de contenido texto
Código de tipo de contenido txt
337 ## - TIPO DE MEDIO
Fuente rdamedia
Nombre del tipo de medio sin mediación
Código del tipo de medio n
338 ## - TIPO DE SOPORTE
Fuente rdacarrier
Nombre del tipo de soporte volumen
Código Tipo de soporte nc
490 ## - MENCIÓN DE SERIE
Mención de serie Biblioteca de teología
500 ## - NOTA GENERAL
Nota General Incluye índice
505 ## - NOTA DE CONTENIDO
Nota de contenido con formato preestablecido ¿Quién fue Jesús de Nazaret? -- El marco externo de la vida de Jesús. -- Digresión: fuentes no cristianas de la historia de Jesús. -- La «personalidad» de Jesús. -- Ideas e intenciones de Jesús. -- Puntos de partida prepascuales de la cristología. -- ¿Confesiones prepascuales de fe en Cristo? -- Autorrevelaciones de Jesús. -- La impresión de la personalidad. -- Puntos de partida cristológicos de la predicación de Jesús. -- La actuación carismática de Jesús. -- La fe pascual en Cristo. -- La gestación de la fe pascual. -- La cristología de la fe pascual. -- Títulos e ideas de la cristología neotestamentaria. -- Prenotandos metodológicos. -- La cristología de la predicación misional. -- La cristología de la catequesis bautismal. -- La cristología de los textos litúrgicos. -- Apéndice: sobre la cristología «epifánica» de las cartas pastorales. -- Interpretaciones cristológicas de la Escritura. -- Resumen. -- Circunstancias y tendencias en la formación de los dogmas cristológicos. -- El docetismo gnóstico. -- El dualismo gnóstico. -- El adopcionismo. -- El arrianismo (subordinacionismo). -- El apolinarismo. -- El «nestorianismo». -- El monofisismo y el concilio de Calcedonia. -- Desarrollos después de Calcedonia. -- Digresión: la doctrina de la satisfacción de Anselmo de Canterbury. -- Conclusión: problemas principales de la cristología actual. -- Indicaciones bibliográficas.<br/><br/><br/><br/>
563 ## - NOTA DE ENCUADERNACIÓN
Nota de encuadernación Rústica
650 #7 - ASIENTO SECUNDARIO DE MATERIA - TERMINO TEMÁTICO
Término temático o nombre geográfico como elemento de entrada Cristología
9 (RLIN) 239
700 ## - ASIENTO SECUNDARIO - NOMBRE PERSONAL
Nombre personal Martínez de Lapera, Víctor Abelardo,
9 (RLIN) 10398
Responsabilidad traductor
942 ## - TIPO DE MATERIAL (KOHA)
Tipo de Item KOHA Libros General
945 ## - INFORMACIÓN LOCAL DEL REGISTRO
Catalogador Catherine Arias Alvarez
Existencias
Estado de Material Estado de Perdido Forma de Clasificación Volumen-Parte/Tomo Estado de Dañado No para Préstamo Colección Tomo Biblioteca de Origen Biblioteca Permanente Fecha de Adquisición Área Total de Préstamos Signatura Topográfica Código de Barras Última vez visto Ejemplar/Existencia Fecha de Remplazo Tipo de Material
    Dewey Decimal Classification       Colección General   Biblioteca FUSBC Biblioteca FUSBC 18/09/2024 TEOLOGÍA CRISTIANA   G 232 SCH332c 25024 18/09/2024 Ej. 1 18/09/2024 Libros General

Biblioteca FUSBC | Teléfono: (57+4) 349 88 10 Ext. 141| WhatsApp (+57) 3005338115 
E-mail: biblioteca@unisbc.edu.co | Calle 76 87-14 Robledo Palenque, Medellín, Colombia

Con tecnología Koha